Francouzská fenomenologie a existenciální analýza
Existenciálna analýza Jeana -Paula Sartra, ktorá vznikla ako metóda štúdie ľudského bytia. Základná otázka fenomenológie a Sartrove východisko pre skúmanie ľudskej reality. Charakteristika existenciálnej psychoanalýzy.
Salvato in:
| Autore principale: | |
|---|---|
| Natura: | Capitolo di libro |
| Lingua: | ceco |
| Soggetti: | |
| Tags: |
Nessun Tag, puoi essere il primo ad aggiungerne!!
|
MARC
| LEADER | 00000naa$a2200000$$$4500 | ||
|---|---|---|---|
| 001 | 0110559 | ||
| 005 | 20231121102138.9 | ||
| 041 | 0 | |a cze | |
| 044 | |a SK | ||
| 245 | 1 | 0 | |a Francouzská fenomenologie a existenciální analýza |c Pavel Hlavinka |
| 520 | |a Existenciálna analýza Jeana -Paula Sartra, ktorá vznikla ako metóda štúdie ľudského bytia. Základná otázka fenomenológie a Sartrove východisko pre skúmanie ľudskej reality. Charakteristika existenciálnej psychoanalýzy. | ||
| 610 | 2 | 0 | |a filozofia |
| 610 | 2 | 0 | |a behaviorizmus |
| 610 | 2 | 0 | |a sebapoznanie |
| 610 | 2 | 0 | |a vedomie |
| 100 | 1 | |a Hlavinka, Pavel | |